10 Largest Cities in the Czech Republic - Statistics

General Stats
  • This quiz has been taken 40 times
  • The average score is 5 of 10
Answer Stats
# Answer % Correct
1 Prague
100%
2 Brno
81%
3 Ostrava
62%
4 Plzeň
62%
6 Olomouc
42%
8 České Budějovice
38%
5 Liberec
38%
9 Hradec Králové
35%
10 Pardubice
35%
7 Ústí nad Labem
27%
No matching quizzes found
Score Distribution
Percent of People with Each Score
Percentile by Number Answered
Your Score History
You have not taken this quiz